000
00413nam a2200145Ia 4500
008
100122s9999 xx 000 0 und d
082
_b
45658
_a
823.08
100
_a
डांगे अनिल
245
_a
स्वस्तिक
260
_b
मौज प्रकाशन गृह
_c
1991
300
_a
158
630
_a
स्वस्तिक
730
_a
स्वस्तिक
942
_c
BOOK
999
_c
425055
_d
425052